Abbreviations - B - Statistics

General Stats
  • This quiz has been taken 30 times
  • The average score is 9 of 15
Answer Stats
Abb. Meaning % Correct
BFF Best Friends Forever
96%
BLT Bacon Lettuce Tomato
93%
BTW By The Way
93%
BBQ Barbeque
89%
BRB Be Right Back
86%
BP (health) Blood Pressure
79%
BMI Body Mass Index
79%
BPM Beats Per Minute
64%
BF Boyfriend
61%
BBC (news) British Broadcasting Corporation
57%
BCE Before Common Era
50%
BOA (money) Bank Of America
32%
BB (gun) Ball Bearing
18%
BOT (ai) Build Operate Transfer
4%
BTS (music) Bangtan Sonyeondan
0%
No matching quizzes found
Score Distribution
Percent of People with Each Score
Percentile by Number Answered
Your Score History
You have not taken this quiz